000 00702nam a2200253Ia 4500
003 OSt
005 20220926013555.0
006 a|||||r|||| 00| 0
007 ta
008 220923b |||||||| |||| 00| 0 eng d
037 _cGeneral Book
040 _aRTL
_cRTL
_beng
041 _2eng
_aeng
082 _aX, L6
100 _aGrant Eugene L, and others
_9318607
245 0 _aPrinciples of engineering economy
250 _a6
260 _aNew York
_bJohn Wiley
_c1976
300 _avi,624p
_ccm.
500 _aBibliography: P 613-618; Appendix: P 531-618
650 _aEconomic Theory
942 _hX, L6
_cGB
_2CC
999 _c626306
_d626306